00590nam a2200181 i 450000100060000000300090000600500170001500700030003200800410003510000170007624501400009325000180023326000590025130000220031065000260033270000290035885200210038771589ES-MaACL20230906171153.0t|040813s1951 sp |||| | spa d1 aGeorg, J. E.10aAgenesia y fecundidad en el matrimonio b: el control / cJ.E. Georg ; traducción (revisada por el autor) por José Zahonero Vivó. a2ª ed. ampl. aAlcoy : bMarfil, c1951 (eValencia : fTip. Moderna) a222 p. ; c21 cm. aControl de natalidad.1 aZahonero Vivó, José. aES-MaACLjD-5392